000 00523nam a2200169Ia 4500
003 GCL
008 140319s9999 xx 000 0 ara d
040 _aGCL /
_cGCL
082 0 4 _a812.043
_bف ب
100 1 _aفوزى عبدالقادر الميلادى
245 1 0 _aبنت العم مجموعة مسرحيات اجتماعية /
_cفوزى عبدالقادر الميلادى
300 _a86 ص
490 _a
650 0 4 _aالادب العربى
650 0 4 _aالمسرحيات العربية
942 _2ddc
_cBK
999 _c39441
_d39441